header

A companion to British art (Record no. 66810)

MARC details
000 -LEADER
fixed length control field 01493nam a2200349 a 4500
082 04 - DEWEY DECIMAL CLASSIFICATION NUMBER
Classification number 709.41
245 02 - TITLE STATEMENT
Title A companion to British art
260 ## - PUBLICATION, DISTRIBUTION, ETC. (IMPRINT)
Place of publication Hoboken :
Name of publisher Wiley-Blackwell,
Year of publication 2013.
300 ## - PHYSICAL DESCRIPTION
Number of Pages xviii, 570 p. :
Other physical details ill.
490 1# - SERIES STATEMENT
Series statement Wiley-Blackwell companions to art history
505 0# - FORMATTED CONTENTS NOTE
Formatted contents note pt. 1. Editors' introduction -- pt. 2. General -- pt. 3. Institutions -- pt. 4. Nationhood -- pt. 5. Landscape -- pt. 6. Men and women.
650 #0 - SUBJECT ADDED ENTRY--TOPICAL TERM
Topical Term Art, British.
700 1# - ADDED ENTRY--PERSONAL NAME
Personal name Arnold, Dana.
Personal name Peters Corbett, David,
856 40 - ELECTRONIC LOCATION AND ACCESS
Uniform Resource Identifier http://site.ebrary.com/lib/rucke/Doc?id=10661507

No items available.

© 2026 Rongo University
Contact us: librarian | system librarian | Rongo university